000 00684nam a2200289Ia 4500
005 20260324123640.0
008 008 260324s9999 xx 000 0 eng d
020 _a9780203863572
037 _aEBOOK
040 _aCRL
040 _beng
040 _cCRL
041 _2eng
041 _aeng
084 _qCRL
100 _aCraig Haen
_91171116
245 0 _aEngaging Boys in Treatment
245 0 _bCreative Approaches to the Therapy Process
260 _bTaylor and Francis
260 _c2011
365 _a
365 _b170
856 _uhttp://www.taylorfrancis.com/books/9780203863572
942 _cEBOOK
999 _c1764822
_d1764822